000 00812nas a2200265 4500
001 BR2013004162
003 BR-BrBNA
005 20231205122359.0
007 ta
008 230509b bl.|||p| |||| 00| 00por d
040 _aBR-BrBNA
_bpor
_cBiblioteca Nacional de Agricultura
041 _a(Pt)
072 _aF02; F62
100 1 _aCavalcanti, N. de B.
100 1 _aResende, G.M.
245 1 _aEfeito de diferentes substratos no desenvolvimento do mandacaru sem espinhos (Cereus hildemannianus K. Schum)
650 _aCACTACEAE
650 _aSUBSTRATO DE CULTURA
650 _aMUDA
650 _aCRESCIMENTO
650 _aSOLO
773 0 _tCaatinga (Brazil)
_xISSN 0100-316X
_g(Jul-Sep 2006), v. 19(3) p. 255-260
_wBR2013004162
909 _a202311
_bLúcia
_c55
_dLúcia Elande
942 _2AGRIS
_n0
_cANA
999 _c228356
_d228356